Corazón de mermelada / (Registro nro. 14410)

Detalles MARC
000 -LEADER
fixed length control field 01085nam a22003017a 4500
003 - CONTROL NUMBER IDENTIFIER
control field DO-SdBNP
005 - DATE AND TIME OF LATEST TRANSACTION
control field 20230710095206.0
007 - PHYSICAL DESCRIPTION FIXED FIELD--GENERAL INFORMATION
fixed length control field ta
008 - FIXED-LENGTH DATA ELEMENTS--GENERAL INFORMATION
fixed length control field 221102b2015 dr a|||| |||| 00| 0 spa d
020 ## - INTERNATIONAL STANDARD BOOK NUMBER
International Standard Book Number 9789945465815
040 ## - CATALOGING SOURCE
Original cataloging agency DO-SdBNP
Language of cataloging spa
Transcribing agency BPMSU
082 #4 - DEWEY DECIMAL CLASSIFICATION NUMBER
Classification number RD861.44
Item number L937c 2015
Edition number 22
100 1# - MAIN ENTRY--PERSONAL NAME
Personal name Luciano López, Margarita
245 10 - TITLE STATEMENT
Title Corazón de mermelada /
Statement of responsibility, etc. Margarita Luciano López ; edición Daniel Torres Mata ; corrección Arsenio Hernández Fortuna; ilustraciones Vìctor Manuel
260 ## - PUBLICATION, DISTRIBUTION, ETC. (IMPRINT)
Place of publication, distribution, etc. Santo Domingo :
Name of publisher, distributor, etc. Ediciones CP,
Date of publication, distribution, etc. 2015.
300 ## - PHYSICAL DESCRIPTION
Extent 79 p. :
Other physical details il. ;
Dimensions 22 cm.
490 0# - SERIES STATEMENT
Series statement La casa de la poesìa
500 ## - GENERAL NOTE
General note Incluye datos biográficos de la autora en la contracubierta
590 ## - LOCAL NOTE (RLIN)
Local note Inventariado, 2023/VM
650 #4 - SUBJECT ADDED ENTRY--TOPICAL TERM
Topical term or geographic name as entry element Poesía infantil dominicana
650 #4 - SUBJECT ADDED ENTRY--TOPICAL TERM
Topical term or geographic name as entry element Literatura Infantil dominicana
650 #4 - SUBJECT ADDED ENTRY--TOPICAL TERM
Topical term or geographic name as entry element libros infantiles
Source of heading or term
700 1# - ADDED ENTRY--PERSONAL NAME
Personal name Torres Mata, Daniel,
Relator term ed.
700 1# - ADDED ENTRY--PERSONAL NAME
Personal name Hernández Fortuna, Arsenio,
Relator term correc.
700 1# - ADDED ENTRY--PERSONAL NAME
Personal name Manuel, Vìctor
Relator term ils.
910 ## - USER-OPTION DATA (OCLC)
User-option data VMateo V. Control de calidad (BPMSU)
942 ## - ADDED ENTRY ELEMENTS (KOHA)
Source of classification or shelving scheme Dewey Decimal Classification
Koha item type Libros
Existencias
Withdrawn status Lost status Source of classification or shelving scheme Damaged status Not for loan Collection code Home library Current library Date acquired Total Checkouts Full call number Barcode Date last seen Price effective from Koha item type Copy number
    Dewey Decimal Classification     Colección Infantil Dominicana Biblioteca Pública Metropolitana Salomé Ureña Biblioteca Pública Metropolitana Salomé Ureña 07/10/2023   BPMSU CDI RD861.44 L937c 2015 BPMSU23070020 07/10/2023 07/10/2023 Libros  
    Dewey Decimal Classification     Colección Infantil Dominicana Biblioteca Pública Metropolitana Salomé Ureña Biblioteca Pública Metropolitana Salomé Ureña 07/10/2023   BPMSU CDI RD861.44 L937c 2015 BPMSU25080081 08/28/2025 07/10/2023 Libros e.2